000 00577 a2200229 4500
001 112929
020 _a9781551439204 (trade)
041 _apor
090 _aP Year 6 [E]
100 _aTougas, Chris.
250 _a. ed.
300 _a[32] p.
697 _aImagination
697 _aImagination - Fiction.
697 _aArtists' materials - Fiction.
697 _aArtists' materials
856 _u000022/000022d6.jpg
040 _aBR-BrIDEA
_cBR-BrIDEA
245 1 0 _aArt's supplies
_c Chris Tougas
260 _a[S.l.]
_bOrca Book Publishers
_c2008
942 _cBK
999 _c112929
_d112929